[Event "Muensterland Verbandsklasse 1920"]
[Site "Germany"]
[Date "2020.02.15"]
[Round "6.6"]
[White "Sprenger, Franz"]
[Black "Merschkoetter, Peter"]
[Result "1/2-1/2"]
[WhiteElo "1675"]
[BlackElo "1643"]
[PlyCount "55"]
[EventDate "2019.09.14"]
[EventType "team-tourn"]
[EventRounds "7"]
[EventCountry "GER"]
[SourceTitle "EXT 2023"]
[Source "ChessBase"]
[SourceDate "2022.10.05"]
[SourceVersion "1"]
[SourceVersionDate "2022.10.05"]
[SourceQuality "1"]
[WhiteTeam "Gronau II"]
[BlackTeam "Reckenfeld"]
[WhiteTeamCountry "GER"]
[BlackTeamCountry "GER"]

1. e4 e5 2. Bc4 Nf6 3. Nc3 Be7 4. f4 Nc6 5. Nf3 d6 6. 0-0 Nd4 7. fxe5 Nxf3+ 8. Qxf3 dxe5 9. d3 c6 10. Qg3 0-0 11. Ne2 Qd6 12. Bg5 Nxe4 13. Bxe7 Qxe7 14. Bxf7+ Rxf7 15. dxe4 Qc5+ 16. Kh1 Be6 17. Nc3 Raf8 18. Rfe1 Qc4 19. h3 Qc5 20. Rac1 Rf6 21. b3 Rg6 22. Qd3 Qf2 23. Rg1 Qc5 24. Na4 Qe7 25. Nb2 Qh4 26. Kh2 Qf4+ 27. Kh1 Qh4 28. Kh2 1/2-1/2

[Event "Muensterland Regionalliga 1920"]
[Site "Germany"]
[Date "2020.01.11"]
[Round "5.8"]
[White "Wildschut, Marcel"]
[Black "Sprenger, Franz"]
[Result "1-0"]
[WhiteElo "2159"]
[BlackElo "1675"]
[PlyCount "69"]
[EventDate "2019.09.07"]
[EventType "team-tourn"]
[EventRounds "7"]
[EventCountry "GER"]
[SourceTitle "EXT 2023"]
[Source "ChessBase"]
[SourceDate "2022.10.05"]
[SourceVersion "1"]
[SourceVersionDate "2022.10.05"]
[SourceQuality "1"]
[WhiteTeam "Metelen"]
[BlackTeam "Gronau"]
[WhiteTeamCountry "GER"]
[BlackTeamCountry "GER"]

1. e4 e5 2. Nf3 Nc6 3. Bb5 f5 4. d4 exd4 5. Nxd4 Nxd4 6. Qxd4 fxe4 7. Qxe4+ Qe7 8. Qxe7+ Bxe7 9. 0-0 c6 10. Bd3 Nf6 11. Re1 Kf7 12. Nd2 d5 13. Nf3 Nd7 14. Ng5+ Bxg5 15. Bxg5 Nf6 16. f3 Bd7 17. Kf2 c5 18. c3 b5 19. Re5 Bc6 20. Rae1 Rhe8 21. Bxf6 Kxf6 22. Rxe8 Rxe8 23. Rxe8 Bxe8 24. Bxh7 Ke5 25. g3 g6 26. f4+ Ke4 27. h4 Bf7 28. h5 Kf5 29. Bxg6+ Bxg6 30. hxg6 Kxg6 31. b4 cxb4 32. cxb4 Kf5 33. Ke3 Ke6 34. g4 Kd6 35. Kd4 1-0

[Event "Muensterland Verbandsklasse 1920"]
[Site "Germany"]
[Date "2019.10.05"]
[Round "2.6"]
[White "Wigger, Niklas"]
[Black "Sprenger, Franz"]
[Result "1-0"]
[WhiteElo "1771"]
[BlackElo "1675"]
[PlyCount "77"]
[EventDate "2019.09.14"]
[EventType "team-tourn"]
[EventRounds "7"]
[EventCountry "GER"]
[SourceTitle "EXT 2023"]
[Source "ChessBase"]
[SourceDate "2022.10.05"]
[SourceVersion "1"]
[SourceVersionDate "2022.10.05"]
[SourceQuality "1"]
[WhiteTeam "Heiden"]
[BlackTeam "Gronau II"]
[WhiteTeamCountry "GER"]
[BlackTeamCountry "GER"]

1. e4 e5 2. Nf3 Nc6 3. d4 exd4 4. Bc4 Be7 5. c3 d6 6. cxd4 Nf6 7. Nc3 0-0 8. 0-0 Bg4 9. Be3 Nxe4 10. Nxe4 d5 11. Bd3 dxe4 12. Bxe4 Qd7 13. Rc1 f5 14. Qb3+ Kh8 15. Bxc6 bxc6 16. Ne5 Qe8 17. Rxc6 Bd6 18. Rfc1 Bh5 19. Bf4 Qe7 20. Qg3 Rg8 21. h4 Rab8 22. Re1 Qe8 23. Rcc1 Qa4 24. Qg5 Be8 25. Nc4 Qd7 26. Nxd6 cxd6 27. Re7 h6 28. Qg3 Qxe7 29. Bxd6 Qb7 30. Bxb8 Qxb2 31. Rc3 a6 32. Be5 f4 33. Bxf4 Qxa2 34. Be5 a5 35. Rc7 Qb1+ 36. Kh2 Qg6 37. Qf3 a4 38. Ra7 Qb6 39. Rxg7 1-0

[Event "Muensterland Verbandsklasse 1819"]
[Site "Germany"]
[Date "2019.05.18"]
[Round "9.7"]
[White "Scharlow, Siegmar"]
[Black "Sprenger, Franz"]
[Result "1/2-1/2"]
[WhiteElo "1689"]
[BlackElo "1666"]
[PlyCount "84"]
[EventDate "2018.09.15"]
[EventType "team-tourn"]
[EventRounds "9"]
[EventCountry "GER"]
[SourceTitle "EXT 2020"]
[Source "ChessBase"]
[SourceDate "2019.10.17"]
[SourceVersion "1"]
[SourceVersionDate "2019.10.17"]
[SourceQuality "1"]
[WhiteTeam "Nienberge II"]
[BlackTeam "Gronau II"]
[WhiteTeamCountry "GER"]
[BlackTeamCountry "GER"]

1. d4 d5 2. c4 e6 3. Nc3 Bb4 4. Nf3 dxc4 5. Bg5 Ne7 6. e4 b5 7. Be2 f6 8. Be3 Bb7 9. Qc2 a6 10. 0-0 0-0 11. Rad1 f5 12. Ng5 Qc8 13. exf5 exf5 14. Bf3 h6 15. Bxb7 Qxb7 16. Ne6 Rf6 17. Nf4 Bxc3 18. bxc3 Nd5 19. Rfe1 Nd7 20. Nxd5 Qxd5 21. Bf4 c6 22. Re7 Re6 23. Re1 Rxe1+ 24. Rxe1 Rf8 25. Qc1 Qf7 26. h3 Nf6 27. Qa3 Nd5 28. Bd2 Qb7 29. Qc5 Rd8 30. Re6 Rc8 31. Qd6 Qc7 32. Qc5 Qb6 33. Qd6 Qc7 34. Qc5 a5 35. a3 Qb7 36. Qd6 b4 37. axb4 axb4 38. Bxh6 b3 39. Bc1 b2 40. Bxb2 Qxb2 41. Qd7 Qc1+ 42. Kh2 Qf4+ 1/2-1/2

[Event "Muensterland Verbandsklasse 1819"]
[Site "Germany"]
[Date "2019.04.06"]
[Round "8.6"]
[White "Hoppe, Nico"]
[Black "Sprenger, Franz"]
[Result "1/2-1/2"]
[WhiteElo "1652"]
[BlackElo "1666"]
[PlyCount "34"]
[EventDate "2018.09.15"]
[EventType "team-tourn"]
[EventRounds "9"]
[EventCountry "GER"]
[SourceTitle "EXT 2020"]
[Source "ChessBase"]
[SourceDate "2019.10.17"]
[SourceVersion "1"]
[SourceVersionDate "2019.10.17"]
[SourceQuality "1"]
[WhiteTeam "Emsdetten Rochade III"]
[BlackTeam "Gronau II"]
[WhiteTeamCountry "GER"]
[BlackTeamCountry "GER"]

1. e4 e5 2. Nf3 Nc6 3. Bc4 Be7 4. c3 Nf6 5. d3 0-0 6. 0-0 d5 7. exd5 Nxd5 8. Re1 Bg4 9. Nbd2 Nb6 10. Bb5 Bd6 11. h3 Bh5 12. Ne4 h6 13. Ng3 Bg6 14. Bxc6 bxc6 15. Nxe5 Bxe5 16. Rxe5 Qd6 17. d4 Rad8 1/2-1/2

[Event "Muensterland Verbandsklasse 1819"]
[Site "Germany"]
[Date "2019.03.09"]
[Round "7.7"]
[White "Merkentrup, Ralf"]
[Black "Sprenger, Franz"]
[Result "0-1"]
[WhiteElo "1598"]
[BlackElo "1666"]
[PlyCount "72"]
[EventDate "2018.09.15"]
[EventType "team-tourn"]
[EventRounds "9"]
[EventCountry "GER"]
[SourceTitle "EXT 2020"]
[Source "ChessBase"]
[SourceDate "2019.10.17"]
[SourceVersion "1"]
[SourceVersionDate "2019.10.17"]
[SourceQuality "1"]
[WhiteTeam "Beelen II"]
[BlackTeam "Gronau II"]
[WhiteTeamCountry "GER"]
[BlackTeamCountry "GER"]

1. d4 d5 2. c4 e6 3. Nc3 Bb4 4. Nf3 dxc4 5. Bg5 Ne7 6. Qa4+ Nbc6 7. e3 Bd7 8. Qc2 f6 9. Bh4 b5 10. Nd2 Nf5 11. Bg3 Bxc3 12. Qxc3 Nce7 13. b3 Nd5 14. Qc2 cxb3 15. Nxb3 0-0 16. a3 a5 17. e4 Nxg3 18. hxg3 Ne7 19. Nc5 c6 20. Be2 Bc8 21. Rd1 Qe8 22. d5 exd5 23. exd5 Bf5 24. Qa2 Qf7 25. Bh5 g6 26. Bf3 Rfd8 27. Qb2 Nxd5 28. 0-0 Qe7 29. Nb3 Qe5 30. Qc1 Qd6 31. Nd4 Bd7 32. Nxb5 Qb8 33. Nd4 Qb6 34. Qc4 Kg7 35. Bxd5 cxd5 36. Qxd5 Bg4 0-1

[Event "Muensterland Verbandsklasse 1819"]
[Site "Germany"]
[Date "2018.10.06"]
[Round "2.6"]
[White "Sprenger, Franz"]
[Black "Jonas, Robert"]
[Result "1/2-1/2"]
[WhiteElo "1666"]
[BlackElo "1672"]
[PlyCount "49"]
[EventDate "2018.09.15"]
[EventType "team-tourn"]
[EventRounds "9"]
[EventCountry "GER"]
[SourceTitle "EXT 2020"]
[Source "ChessBase"]
[SourceDate "2019.10.17"]
[SourceVersion "1"]
[SourceVersionDate "2019.10.17"]
[SourceQuality "1"]
[WhiteTeam "Gronau II"]
[BlackTeam "Ibbenbueren"]
[WhiteTeamCountry "GER"]
[BlackTeamCountry "GER"]

1. e4 e5 2. Bc4 Nf6 3. Nc3 Nc6 4. f4 d6 5. Nf3 Be7 6. 0-0 0-0 7. d3 a6 8. a4 Bd7 9. fxe5 Nxe5 10. Nxe5 dxe5 11. Bg5 c6 12. Kh1 b5 13. axb5 axb5 14. Ba2 b4 15. Ne2 c5 16. Ng1 h6 17. Bh4 Bg4 18. Qe1 Bh5 19. Nf3 Nd7 20. Bxe7 Qxe7 21. Nh4 Kh7 22. Nf5 Qg5 23. Nd6 Qe7 24. Nf5 Qg5 25. Nd6 1/2-1/2

[Event "Muensterland Regionalliga 1617"]
[Site "Germany"]
[Date "2017.02.04"]
[Round "6.8"]
[White "Sprenger, Franz"]
[Black "Tecklenborg, Georg"]
[Result "1-0"]
[WhiteElo "1697"]
[BlackElo "1780"]
[PlyCount "115"]
[EventDate "2016.09.17"]
[EventType "team"]
[EventRounds "9"]
[EventCountry "GER"]
[SourceTitle "EXT 2018"]
[Source "ChessBase"]
[SourceDate "2017.10.13"]
[SourceVersion "1"]
[SourceVersionDate "2017.10.13"]
[SourceQuality "1"]
[WhiteTeam "Gronau"]
[BlackTeam "Duelmen"]
[WhiteTeamCountry "GER"]
[BlackTeamCountry "GER"]

1. e4 c5 2. f4 g6 3. Nf3 Bg7 4. Bc4 e6 5. Nc3 a6 6. a4 Qc7 7. d3 Nc6 8. 0-0 Nge7 9. Ne2 0-0 10. c3 d5 11. Ba2 dxe4 12. dxe4 b5 13. Be3 c4 14. Ned4 b4 15. Qe2 bxc3 16. bxc3 e5 17. fxe5 Nxe5 18. Nxe5 Qxe5 19. Bf4 Qa5 20. Qxc4 Bb7 21. Bc7 Qg5 22. Rxf7 Rxf7 23. Qxf7+ Kh8 24. Bf4 Qc5 25. Qc4 Qxc4 26. Bxc4 Rc8 27. Rb1 Rxc4 28. Rxb7 Bf8 29. Ne6 Kg8 30. Rb8 Nc8 31. Nxf8 Kxf8 32. Be5 Ke7 33. Bd4 Nd6 34. Rb6 Nxe4 35. Rxa6 Nxc3 36. Bxc3 Rxc3 37. Ra7+ Kf6 38. Rxh7 Ra3 39. Rh4 Ra2 40. h3 Kf5 41. Rb4 Ra3 42. h4 Kf6 43. Kh2 Kf5 44. g3 Ra2+ 45. Kh3 Ra3 46. Rb5+ Kf6 47. Ra5 Ra1 48. Kg4 Ra3 49. Kf4 Ra1 50. Ra6+ Kf7 51. Kg5 Ra3 52. g4 Rc3 53. Ra7+ Kg8 54. Kxg6 Rc6+ 55. Kh5 Rc5+ 56. g5 Rc6 57. g6 Rc8 58. a5 1-0

[Event "Muensterland Regionalliga 1314"]
[Site "Germany"]
[Date "2014.05.03"]
[Round "9.8"]
[White "Hemmers, Dieter"]
[Black "Sprenger, Franz"]
[Result "1-0"]
[WhiteElo "1766"]
[BlackElo "1605"]
[PlyCount "70"]
[EventDate "2013.09.07"]
[EventType "team-tourn"]
[EventRounds "9"]
[EventCountry "GER"]
[SourceTitle "EXT 2015"]
[Source "ChessBase"]
[SourceDate "2014.11.20"]
[SourceVersion "1"]
[SourceVersionDate "2014.11.20"]
[SourceQuality "1"]
[WhiteTeam "Emsdetten Rochade"]
[BlackTeam "Gronau"]
[WhiteTeamCountry "GER"]
[BlackTeamCountry "GER"]

1. e4 e5 2. Nf3 Nc6 3. Bb5 f5 4. Nc3 Nf6 5. d3 Bb4 6. exf5 d6 7. 0-0 Bxc3 8. bxc3 0-0 9. Bg5 Bxf5 10. Nh4 Bd7 11. Rb1 Qc8 12. Qd2 d5 13. Rfe1 e4 14. c4 exd3 15. Qxd3 dxc4 16. Bxc4+ Kh8 17. Rbd1 Na5 18. Bxf6 Rxf6 19. Qxd7 Nxc4 20. Re7 Qf8 21. Nf3 Rc8 22. Rde1 Rd6 23. Qb5 Na3 24. Qxb7 Rdd8 25. Qb3 Rd1 26. Qxa3 Rxe1+ 27. Nxe1 Rb8 28. Qe3 h6 29. g3 Kh7 30. Qe4+ Kg8 31. Nf3 Qd8 32. Qe6+ Kh8 33. Ne5 Rb1+ 34. Kg2 Qd1 35. Re8+ Kh7 1-0

[Event "Muensterland Verbandsliga 1213"]
[Site "Germany"]
[Date "2012.12.22"]
[Round "4.7"]
[White "Hollnack, Olaf"]
[Black "Sprenger, Franz"]
[Result "1-0"]
[WhiteElo "1972"]
[BlackElo "1653"]
[PlyCount "135"]
[EventDate "2012.09.22"]
[EventType "team-tourn"]
[EventRounds "9"]
[EventCountry "GER"]
[SourceTitle "EXT 2015"]
[Source "ChessBase"]
[SourceDate "2014.11.20"]
[SourceVersion "1"]
[SourceVersionDate "2014.11.20"]
[SourceQuality "1"]
[WhiteTeam "Nienberge"]
[BlackTeam "Gronau"]
[WhiteTeamCountry "GER"]
[BlackTeamCountry "GER"]

1. c4 e5 2. Nc3 f5 3. g3 Nf6 4. Bg2 c6 5. d4 exd4 6. Qxd4 Be7 7. Nh3 0-0 8. 0-0 Na6 9. Bf4 d6 10. Rad1 Ne8 11. Qd2 h6 12. Be3 g5 13. f4 g4 14. Nf2 Bf6 15. Bd4 Nac7 16. e4 Bxd4 17. Qxd4 Ne6 18. Qe3 N6g7 19. e5 Qe7 20. Nd3 dxe5 21. Nxe5 Qc7 22. Rf2 Nf6 23. Rfd2 Re8 24. Qc5 Ne6 25. Qd6 Qb6+ 26. Kh1 Qc5 27. Qxc5 Nxc5 28. b4 Ne6 29. Rd6 Rb8 30. c5 Kg7 31. Bf1 h5 32. Bd3 Nc7 33. Bc4 Be6 34. Bxe6 Nxe6 35. Kg2 h4 36. a4 h3+ 37. Kf2 Rbd8 38. Nc4 Kf7 39. Re1 Nd5 40. Ne5+ Kg7 41. Rxd8 Rxd8 42. Nxd5 cxd5 43. Nxg4 Nxc5 44. bxc5 fxg4 45. Re5 Kf6 46. Ke3 b6 47. cxb6 axb6 48. Rg5 Ra8 49. Rxg4 Rxa4 50. Rh4 b5 51. Rxh3 b4 52. Rh6+ Kf5 53. Rb6 Ra2 54. Rxb4 Rxh2 55. Kf3 Rd2 56. g4+ Kf6 57. Rb6+ Kf7 58. g5 Rd1 59. Kg4 d4 60. Kf5 d3 61. g6+ Ke7 62. Re6+ Kd7 63. Re3 d2 64. Re2 Kc7 65. Rg2 Kd7 66. g7 Ra1 67. Rxd2+ Ke7 68. g8Q 1-0

[Event "Muensterland Verbandsklasse-A 0910"]
[Site "Germany"]
[Date "2010.01.30"]
[Round "6.7"]
[White "Wehmschulte, Philipp"]
[Black "Sprenger, Franz"]
[Result "1/2-1/2"]
[WhiteElo "1436"]
[BlackElo "1748"]
[PlyCount "87"]
[EventDate "2009.09.19"]
[EventType "team-tourn"]
[EventRounds "9"]
[EventCountry "GER"]
[SourceTitle "EXT 2011"]
[Source "ChessBase"]
[SourceDate "2010.11.26"]
[SourceVersion "1"]
[SourceVersionDate "2010.11.26"]
[SourceQuality "1"]
[WhiteTeam "Ahaus Wessum II"]
[BlackTeam "Gronau"]
[WhiteTeamCountry "GER"]
[BlackTeamCountry "GER"]

1. e4 e5 2. Nf3 Nc6 3. d4 exd4 4. Nxd4 Ne5 5. Nc3 Bc5 6. Bf4 Ng6 7. Bg3 a6 8. Bc4 N8e7 9. Nd5 d6 10. c3 c6 11. Ne3 0-0 12. b4 Ba7 13. 0-0 b5 14. Bb3 c5 15. Ndf5 c4 16. Bc2 Bxe3 17. Nxe3 Ne5 18. f4 N5c6 19. Qe2 f5 20. Rad1 Qc7 21. Bh4 Ng6 22. Nd5 Qf7 23. Bg3 Re8 24. Nb6 Rb8 25. Nxc8 Rbxc8 26. Rxd6 fxe4 27. Bxe4 Nge7 28. Qf3 Nb8 29. Rfd1 Kh8 30. Bb7 Nf5 31. Bxc8 Nxd6 32. Rxd6 Rxc8 33. Qd1 Qe7 34. Bf2 h6 35. Qd4 Kh7 36. Qe5 Qf7 37. Qe4+ Kh8 38. Bd4 Kg8 39. Qe6 Qxe6 40. Rxe6 Nc6 41. Rd6 Kf8 42. Kf2 Ke7 43. Bc5 Kf7 44. Bd4 1/2-1/2

[Event "Muensterland Verbandsklasse-A 0910"]
[Site "Germany"]
[Date "2009.12.19"]
[Round "4.8"]
[White "Sprenger, Franz"]
[Black "Weise, Andreas"]
[Result "1-0"]
[WhiteElo "1748"]
[BlackElo "1691"]
[PlyCount "129"]
[EventDate "2009.09.19"]
[EventType "team-tourn"]
[EventRounds "9"]
[EventCountry "GER"]
[SourceTitle "EXT 2011"]
[Source "ChessBase"]
[SourceDate "2010.11.26"]
[SourceVersion "1"]
[SourceVersionDate "2010.11.26"]
[SourceQuality "1"]
[WhiteTeam "Gronau"]
[BlackTeam "Duelmen"]
[WhiteTeamCountry "GER"]
[BlackTeamCountry "GER"]

1. e4 e6 2. f4 d5 3. exd5 exd5 4. d4 Nf6 5. Nf3 Bg4 6. Be2 Bxf3 7. Bxf3 Ne4 8. Bxe4 dxe4 9. 0-0 f5 10. b3 Be7 11. Nc3 0-0 12. Ne2 c6 13. Be3 Na6 14. a3 Nc7 15. c4 Ne6 16. Qc2 Rf7 17. b4 h6 18. Rad1 Qc7 19. Nc3 Bd6 20. g3 Rc8 21. c5 Bf8 22. d5 cxd5 23. Nxd5 Qc6 24. Qb3 a6 25. Nb6 Re8 26. Nc4 Qc8 27. Ne5 Rc7 28. Nc4 Kh7 29. Nb6 Qb8 30. Qd5 g6 31. Nd7 Rxd7 32. Qxd7+ Re7 33. Qa4 Qc7 34. Rd6 Nd8 35. Rfd1 Nc6 36. Qb3 Rg7 37. R6d5 Rf7 38. R1d2 Bg7 39. Qd1 Nb8 40. Bd4 Bxd4+ 41. R2xd4 b6 42. Qb3 Qb7 43. Rd8 bxc5 44. Rxb8 cxd4 45. Rxb7 Rxb7 46. Qd5 Rc7 47. Qxd4 Rc1+ 48. Kf2 Rc2+ 49. Ke3 Rxh2 50. Qa7+ Kg8 51. Qxa6 Kg7 52. Qb7+ Kf6 53. Qc6+ Kf7 54. Qd7+ Kf6 55. Qd6+ Kf7 56. b5 Rg2 57. b6 Rxg3+ 58. Ke2 Rg2+ 59. Kf1 Rb2 60. b7 Rb1+ 61. Ke2 Rb2+ 62. Kd1 g5 63. Qd7+ Kg6 64. Qe8+ Kh7 65. Qf7+ 1-0

[Event "Muensterland Verbandsklasse-A 0809"]
[Site "Germany"]
[Date "2009.01.10"]
[Round "5.4"]
[White "Raddatz, Uwe"]
[Black "Sprenger, Franz"]
[Result "0-1"]
[WhiteElo "1859"]
[BlackElo "1723"]
[PlyCount "140"]
[EventDate "2008.09.13"]
[EventType "team-tourn"]
[EventRounds "9"]
[EventCountry "GER"]
[SourceTitle "EXT 2010"]
[Source "ChessBase"]
[SourceDate "2010.11.25"]
[SourceVersion "1"]
[SourceVersionDate "2010.11.25"]
[SourceQuality "1"]
[WhiteTeam "Muenster SK III"]
[BlackTeam "Gronau II"]
[WhiteTeamCountry "GER"]
[BlackTeamCountry "GER"]

1. e4 e5 2. Nf3 Nc6 3. d4 exd4 4. Nxd4 Ne5 5. Be2 Nf6 6. f4 Ng6 7. e5 Nd5 8. 0-0 Bc5 9. c4 Nb4 10. Kh1 Bxd4 11. Qxd4 Nc2 12. Qc3 Nxa1 13. f5 Qh4 14. fxg6 hxg6 15. Bf4 Nc2 16. Qxc2 g5 17. Bg3 Qxg3 18. h3 d6 19. Qc3 Qxe5 20. Qxe5+ dxe5 21. Nc3 g4 22. Nd5 gxh3 23. Nxc7+ Kd8 24. Rxf7 hxg2+ 25. Kxg2 Bh3+ 26. Kg3 Rc8 27. Nb5 a6 28. Nd6 Rc7 29. Nxb7+ Kc8 30. Nd6+ Kb8 31. Rf3 Rc6 32. Nf7 Rg6+ 33. Kf2 Rf8 34. Nxe5 Rg2+ 35. Ke1 Re8 36. Nc6+ Kc7 37. Nd4 Bg4 38. Rf2 Rg3 39. Rf7+ Bd7 40. Kf2 Rg5 41. Bf3 g6 42. Bd5 Kd8 43. Rf6 a5 44. Nf3 Rf5 45. Rxg6 Ref8 46. Ke3 Re8+ 47. Kd4 Re2 48. Kc5 Rxb2 49. a3 Ra2 50. Kd6 Rxa3 51. Nd4 Rf8 52. Rg7 Rf6+ 53. Ne6+ Bxe6 54. Bxe6 Rd3+ 55. Ke5 Rh6 56. Bd5 a4 57. Ra7 Rh5+ 58. Ke4 Ra3 59. Kd4 Ra1 60. Kc5 a3 61. Kb4 Rh3 62. c5 Rd3 63. Be6 Rb1+ 64. Kc4 Re3 65. Bf7 Rb2 66. Kd4 Rg3 67. c6 Rf2 68. c7+ Kd7 69. Be6+ Kd6 70. c8Q Rf4# 0-1

[Event "Muensterland Verbandsliga 0607"]
[Site "Germany"]
[Date "2006.11.25"]
[Round "3.8"]
[White "Sprenger, Franz"]
[Black "Brito, Daniel"]
[Result "0-1"]
[WhiteElo "1712"]
[BlackElo "1795"]
[PlyCount "108"]
[EventDate "2006.09.16"]
[EventType "team"]
[EventRounds "9"]
[EventCountry "GER"]
[SourceTitle "EXT 2008"]
[Source "ChessBase"]
[SourceDate "2007.11.25"]
[SourceVersion "1"]
[SourceVersionDate "2007.11.25"]
[SourceQuality "1"]
[WhiteTeam "Gronau"]
[BlackTeam "Neuenkirchen"]
[WhiteTeamCountry "GER"]
[BlackTeamCountry "GER"]

1. e4 d6 2. f4 g6 3. Nf3 Bg7 4. d4 Nf6 5. Bd3 0-0 6. 0-0 c5 7. dxc5 dxc5 8. Be3 Ng4 9. Bc1 Qb6 10. c4 Bxb2 11. Bxb2 Qxb2 12. Nbd2 Ne3 13. Qc1 Qxc1 14. Rfxc1 Rd8 15. Be2 Ng4 16. e5 Nc6 17. h3 Nh6 18. g4 b6 19. Kf2 Bb7 20. Nf1 Nd4 21. Rd1 Nxe2 22. Kxe2 f5 23. Ne3 Bxf3+ 24. Kxf3 e6 25. Rg1 Kf7 26. Rad1 Ng8 27. Ke2 Ne7 28. h4 Nc6 29. h5 Nd4+ 30. Kf2 a6 31. hxg6+ hxg6 32. Rh1 Rh8 33. Rb1 b5 34. Rhg1 b4 35. Rb2 a5 36. Kg3 a4 37. a3 b3 38. Rd1 Rad8 39. Rdd2 Rh7 40. Rh2 Rdh8 41. Rxh7+ Rxh7 42. Nd1 Rh1 43. Nc3 Rc1 44. Nxa4 Rxc4 45. Nb6 Rc2 46. Rb1 c4 47. gxf5 gxf5 48. a4 c3 49. Nc4 Ra2 50. Nd6+ Kf8 51. Rh1 c2 52. Kh4 b2 53. Kg5 b1Q 54. Rh6 Qg1+ 0-1

[Event "Muensterland Verbandsklasse-A 0304"]
[Site "Germany"]
[Date "2003.12.13"]
[Round "4.8"]
[White "Sprenger, Franz"]
[Black "Specht, Bernfried"]
[Result "0-1"]
[WhiteElo "1691"]
[BlackElo "1791"]
[PlyCount "86"]
[EventDate "2003.09.20"]
[EventType "team"]
[EventRounds "9"]
[EventCountry "GER"]
[SourceTitle "EXT 2005"]
[Source "ChessBase"]
[SourceDate "2004.11.15"]
[SourceVersion "1"]
[SourceVersionDate "2004.11.15"]
[SourceQuality "1"]
[WhiteTeam "Gronau"]
[BlackTeam "Sendenhorst"]
[WhiteTeamCountry "GER"]
[BlackTeamCountry "GER"]

1. e4 c5 2. f4 Nc6 3. Nf3 g6 4. Bc4 e6 5. a4 Bg7 6. c3 Qc7 7. d3 Nge7 8. 0-0 d5 9. Ba2 b6 10. Na3 a6 11. Qe2 0-0 12. Bd2 Qb7 13. Rab1 d4 14. Nc4 b5 15. Nd6 Qd7 16. e5 bxa4 17. Ng5 Nd5 18. Qf3 Nce7 19. Qh3 h6 20. Nge4 Nf5 21. Nxf5 gxf5 22. Nxc5 Qd8 23. cxd4 Nb4 24. Bc4 Nc2 25. Nxa4 Qxd4+ 26. Kh1 Bd7 27. Nc3 Bc6 28. Rbc1 Nb4 29. Be3 Qd7 30. Bc5 Rfb8 31. Ne2 Nd5 32. b3 Kh7 33. Ng3 Rg8 34. Ne2 Rac8 35. Bxa6 Ra8 36. Bc4 Ra2 37. Nd4 Nxf4 38. Rxf4 Bxg2+ 39. Qxg2 Rxg2 40. Kxg2 Bxe5+ 41. Kf3 Bxf4 42. Bb5 Qd5+ 43. Kxf4 e5+ 0-1